Guess the Lyrics #30 - Statistics

General Stats
  • This quiz has been taken 2,580 times
  • The average score is 122 of 372
Answer Stats
Lyrics % Correct
"I
97%
a
95%
the
88%
The
88%
you
88%
He
80%
he
80%
love
75%
when
72%
Who
72%
to
71%
and
66%
And
66%
do
66%
on
66%
She
66%
in
63%
In
63%
go",
62%
It
60%
it,
60%
it
60%
was
60%
men
59%
no
59%
No
59%
so
57%
her
55%
Then
50%
they
50%
They
50%
man
49%
of
49%
For
46%
for
46%
that
46%
like
45%
There
44%
his
40%
"Don't
38%
not
38%
could
37%
him
37%
this
37%
"This
37%
us",
37%
said,
36%
all
35%
girl
35%
one
35%
Women
35%
at
34%
how
34%
But
33%
would
33%
had
31%
with
30%
just
28%
never
28%
night,
27%
look
26%
some
26%
Oh,
23%
feel
21%
heal
21%
eyes
20%
gone
19%
big
18%
"Come
18%
Though
18%
try
18%
long
17%
lover
17%
real
17%
more
16%
people
16%
son
15%
strong,
15%
they're
15%
head
13%
lived
13%
please
13%
please"
13%
Queen
13%
Queen,
13%
those
13%
came
12%
didn't
12%
fire
12%
great
12%
into
12%
kind
12%
really
12%
about
11%
ago
11%
done
11%
Ra-Ra-Rasputin,
11%
Rasputin
11%
Russia
11%
wanted
11%
cat
10%
mind
10%
Most
10%
put
10%
things
10%
also
9%
lovely
9%
Russian
9%
something
9%
such
9%
dead
8%
dear
8%
fear
8%
Hey,
8%
hey,
8%
hey
8%
carried
7%
certain
7%
chicks,
7%
fell
7%
flaming
7%
glow
7%
greatest
7%
heard
7%
machine
7%
Moscow
7%
preach
7%
preacher
7%
shame
7%
terror
7%
arms
6%
Bible
6%
desire
6%
fine"
6%
Full
6%
he'd
6%
Russia's
6%
teacher
6%
'til
6%
gotta
5%
known
5%
land
5%
Rasputin - Boney M
5%
she'd
5%
shot
5%
believed
4%
ecstasy
4%
power
4%
Set
4%
Became
3%
became
3%
danced
3%
drank
3%
healer
3%
holy
3%
kept
3%
poison
3%
quit,
3%
standing
3%
wine
3%
blame
2%
dealer
2%
drinking
2%
higher
2%
hunger
2%
ladies
2%
lots
2%
louder
2%
lusting
2%
man's
2%
outrageous
2%
ruled
2%
Russians
2%
squeeze
2%
state,
2%
trap,
2%
Tsar
2%
visit
2%
wheeler
2%
wunderbar
2%
affairs
1%
begged,
1%
brute,
1%
charms
1%
declared
1%
demanding
1%
demands
1%
doubt
1%
enemies
1%
hidden
1%
kazachok,
1%
No matching quizzes found
Score Distribution
Percent of People with Each Score
Percentile by Number Answered
Your Score History
You have not taken this quiz